[Event "ESP-ch U14 Rapid"]
[Site "Salobrena"]
[Date "2022.07.24"]
[Round "8"]
[White "Martin Cabeza, Nicolas"]
[Black "Moreno Burillo, Marcos Antonio"]
[Result "1-0"]
[WhiteElo "1609"]
[BlackElo "1775"]
[PlyCount "57"]
[EventDate "2022.07.23"]
[EventType "swiss (rapid)"]
[EventRounds "9"]
[EventCountry "ESP"]
[SourceTitle "EXT 2023"]
[Source "ChessBase"]
[SourceDate "2022.10.05"]
[SourceVersion "1"]
[SourceVersionDate "2022.10.05"]
[SourceQuality "1"]

1. e4 g6 2. d4 Bg7 3. Nc3 c6 4. f4 d5 5. e5 Nh6 6. Bd3 0-0 7. Nf3 Bg4 8. h3 Bxf3 9. Qxf3 f5 10. Bd2 Na6 11. Bxa6 bxa6 12. Na4 Nf7 13. Nc5 Qc8 14. Qa3 Nd8 15. Qxa6 Qxa6 16. Nxa6 Ne6 17. Be3 Bh6 18. g3 Rad8 19. Nb4 Rc8 20. Nd3 Rb8 21. 0-0-0 a5 22. a4 Rfc8 23. h4 Kf7 24. Rdf1 Ng7 25. Bd2 Nh5 26. Rhg1 Ra8 27. Nc5 e6 28. Nb7 Ra7 29. Nd6+ 1-0

[Event "Aragon-chT Preferente"]
[Site "Aragon"]
[Date "2021.05.08"]
[Round "7.44"]
[White "Moreno Burillo, Marcos Antonio"]
[Black "Barranco Castillo, Jose Antonio"]
[Result "1-0"]
[WhiteElo "1586"]
[BlackElo "1588"]
[PlyCount "93"]
[EventDate "2021.03.13"]
[EventType "team-tourn"]
[EventRounds "9"]
[EventCountry "ESP"]
[SourceTitle "EXT 2024"]
[Source "ChessBase"]
[SourceDate "2023.10.10"]
[SourceVersion "1"]
[SourceVersionDate "2023.10.10"]
[SourceQuality "1"]
[WhiteTeam "Delicias II"]
[BlackTeam "IberCaja II"]
[WhiteTeamCountry "ESP"]
[BlackTeamCountry "ESP"]

1. d4 d6 2. c4 e5 3. d5 f5 4. Nc3 Nf6 5. Bg5 Be7 6. Bxf6 Bxf6 7. e4 0-0 8. Bd3 g6 9. Qc2 Na6 10. a3 Nc5 11. Nf3 a5 12. 0-0 f4 13. Be2 g5 14. b4 Na6 15. Qb3 g4 16. Nd2 Bg5 17. f3 g3 18. h3 Qe8 19. Rfc1 Qh5 20. Bf1 Rf7 21. Nb5 Be7 22. Qb2 Rg7 23. Kh1 Kh8 24. Nb3 a4 25. Nd2 Bxh3 26. gxh3 g2+ 27. Bxg2 Rxg2 28. Kxg2 Rg8+ 29. Kf2 Qxh3 30. Ke2 Qg2+ 31. Kd3 Qf2 32. Rf1 Qe3+ 33. Kc2 Rg2 34. Qc3 c6 35. Rae1 Rxd2+ 36. Qxd2 Qb3+ 37. Kc1 cxb5 38. cxb5 Nc7 39. Qb2 Qd3 40. Qc2 Qxa3+ 41. Kd2 Bd8 42. Qc4 Qb2+ 43. Kd3 Nxb5 44. Ra1 Nd4 45. Ra2 Qb3+ 46. Qxb3 axb3 47. Ra8 1-0

[Event "Benidorm Next Generation U12/U14 15th"]
[Site "Benidorm"]
[Date "2019.12.01"]
[Round "5.7"]
[White "Moreno Burillo, Marcos Antonio"]
[Black "Ayucar Nunez, Asier"]
[Result "1-0"]
[WhiteElo "1474"]
[BlackElo "1160"]
[PlyCount "115"]
[EventDate "2019.11.29"]
[EventType "swiss"]
[EventRounds "6"]
[EventCountry "ESP"]
[SourceTitle "EXT 2024"]
[Source "ChessBase"]
[SourceDate "2023.10.10"]
[SourceVersion "1"]
[SourceVersionDate "2023.10.10"]
[SourceQuality "1"]

1. d4 e6 2. c4 d5 3. Nc3 Nf6 4. cxd5 exd5 5. Bg5 Be7 6. g3 Be6 7. Bg2 c6 8. Nf3 h6 9. Bf4 Bd6 10. Bxd6 Qxd6 11. Qb3 Qc7 12. 0-0 0-0 13. Qc2 Nbd7 14. Rfe1 c5 15. Rac1 Rac8 16. e3 cxd4 17. Nxd4 Rfe8 18. Qd2 Qa5 19. Nb3 Qb4 20. Qd4 Qxd4 21. Nxd4 a6 22. Rc2 Nc5 23. Nxe6 Nxe6 24. Rd2 Rcd8 25. Nxd5 Nxd5 26. Rxd5 Ng5 27. Rxd8 Rxd8 28. h4 Ne6 29. Bxb7 Rb8 30. Bxa6 Rxb2 31. Bc4 Nc5 32. Re2 Rb1+ 33. Kg2 Rc1 34. Bd5 Nd3 35. Rd2 Nb4 36. Be4 g6 37. a3 Na6 38. Rc2 Ra1 39. Rc3 Kg7 40. Bd3 Nb8 41. Bb5 Kf6 42. Rc8 Rxa3 43. Rxb8 Rb3 44. Rb7 Ke5 45. Bc6 Rc3 46. Bf3 f5 47. Rb6 g5 48. Rxh6 g4 49. Be2 Rc2 50. Bd3 Rd2 51. Bb1 Rb2 52. Bd3 Rd2 53. Ba6 Rb2 54. Bc8 Rd2 55. Re6+ Kd5 56. Re8 Kc6 57. Bxf5 Rd5 58. Be4 1-0

[Event "Benidorm Next Generation U12/U14 15th"]
[Site "Benidorm"]
[Date "2019.12.01"]
[Round "6.4"]
[White "Moreno Burillo, Marcos Antonio"]
[Black "Ayucar Nunez, Inigo"]
[Result "1-0"]
[WhiteElo "1474"]
[BlackElo "1467"]
[PlyCount "75"]
[EventDate "2019.11.29"]
[EventType "swiss"]
[EventRounds "6"]
[EventCountry "ESP"]
[SourceTitle "EXT 2024"]
[Source "ChessBase"]
[SourceDate "2023.10.10"]
[SourceVersion "1"]
[SourceVersionDate "2023.10.10"]
[SourceQuality "1"]

1. d4 e6 2. c4 c5 3. d5 exd5 4. cxd5 d6 5. Nc3 Nf6 6. e4 Nbd7 7. Nf3 g6 8. Bf4 Bg7 9. Bd3 Qb6 10. Qc2 Nh5 11. Be3 0-0 12. 0-0 Qd8 13. Be2 Re8 14. Nd2 Nhf6 15. Nc4 Nb6 16. Nxb6 Qxb6 17. f3 Qd8 18. Bf4 a6 19. a4 h6 20. Bd2 Qe7 21. Rab1 Bd7 22. Qb3 Bc8 23. a5 Qc7 24. Na4 Nd7 25. Rfc1 Rb8 26. Bf4 Bf8 27. Qc3 Bg7 28. Qd2 Ne5 29. Nb6 g5 30. Bg3 Qe7 31. b4 cxb4 32. Rxb4 f5 33. Bxe5 Bxe5 34. Qd3 g4 35. exf5 Qg5 36. Rxg4 Rf8 37. Rxg5+ hxg5 38. f6 1-0